000 00584nam a2200181Ia 4500
003 IN-BaIIA
008 211028s9999 xx 000 0 eng d
040 _cIIA Library
080 _a535.33
_bWAT
100 _aWatts, Marshall W.
_91734
245 0 _aIndex of spectra
_bwith an introduction on the measuring and mapping spectra
_cMarshall W. Watts
260 _aManchester
_bAbell Heywood
_c1889
300 _axii, 232p.
650 _aSpectra
_91735
650 _aSpectral Indices
_91736
650 _aSpectroscopic Analysis
_91737
942 _cBK
999 _c805
_d805